UM Logo
Normal view MARC view
  • Labor laws and legislation -- United States.

Entry Topical Term

Number of records used in: 1

001 - CONTROL NUMBER

  • control field: 37483

003 - CONTROL NUMBER IDENTIFIER

  • control field: OSt

005 - DATE AND TIME OF LATEST TRANSACTION

  • control field: 20190311085732.0

008 - FIXED-LENGTH DATA ELEMENTS

  • fixed length control field: 190311|| aca||aabn | a|a d

040 ## - CATALOGING SOURCE

  • Original cataloging agency: OSt
  • Transcribing agency: OSt

150 ## - HEADING--TOPICAL TERM

  • Topical term or geographic name entry element: Labor laws and legislation -- United States.

670 ## - SOURCE DATA FOUND

  • Source citation: Work cat.: (OSt): Gold, Michael Evan. 37482, An Introduction to Labor Law, ©2014.